Una evolución del apoyo de SAREC a tres centros latinoamericanos de investigación de la mujer /

Shranjeno v:
Bibliografske podrobnosti
Glavni avtor: León, Magdalena
Autores Corporativos: Swedish Agency For Reserch Cooperation With Developing Countries, SAREC
Drugi avtorji: Spalding, Hobart A.
Format: Texto
Izdano: s.l.: SAREC
Oznake: Označite
Brez oznak, prvi označite!

MARC

LEADER 00000 a a2200000 04500
001 22324
003
040
090 |a 151400  
100 |a León, Magdalena  
110 |a Swedish Agency For Reserch Cooperation With Developing Countries  
245 |a Una evolución del apoyo de SAREC a tres centros latinoamericanos de investigación de la mujer /  |c Swedish Agency For Reserch Cooperation With Developing Countries  
260 |a s.l.:   |b SAREC  
300 |a 31 p.  
700 |a Spalding, Hobart A.  
710 |a SAREC  
999 |c 13288  |d 13288